LEADER 00599naa a2200157 i 4500 001 000000306103 003 CaOOAMICUS 005 20251217102343.0 008 180831n xx u000 u und u 013 $a14464 040 $aSeMil$bita 100 1 $aRose, André.$0(OLS)http://semarc/name/32962 245 13$aLa reforme du lectionnaire après Vatican 2. 773 0 $aCentro di pastorale liturgica francese$tArs celebrandi.$dMagnano : Qiqajon, 2008.$kLiturgia e vita$z978-88-8227-259-3$w()173969 996 $6245$aLa reforme du lectionnaire après Vatican 2.$9(OLS)http://semarc/title/372211 LEADER 00609naa a2200157 i 4500 001 000000301607 003 CaOOAMICUS 005 20180831172725.0 008 180831n xx u000 u und u 013 $a9341 040 $aSeMil$bita 100 1 $aGuitton, Jean,$d<1901-1999>.$0(OLS)http://semarc/name/848 245 10$aTémoignage. 650 4$aPaolo VI - Testimonianze.$0(OLS)http://semarc/subject/43342 773 0 $tPaul 6. et l'art.$dBrescia : Istituto Paolo 6., 1989.$kPubblicazioni dell'Istituto Paolo 6.$z88-382-3595-3$gp.40-45$w()35547 996 $6245$aTémoignage$9(OLS)http://semarc/title/293332